000 00759nam a22001937a 4500
999 _c28632
_d28632
003 BDDh-ASL
005 20231016062619.0
008 220427s2012 b ||||| |||| 00| 0 b d
040 _cBDDh-ASL
082 _a920.71
_bJAK
100 1 _96139
_aজসীম, প্রত্যয়
245 1 0 _aকবীর চৌধুরী: বাংলার প্রমিথিউস /
246 _aKabir Chowdhury: Banglar Promithius.
260 _aঢাকা:
_bরিদম প্রকাশনা সংস্থা,
_c২০১২।
300 _a৮১ পৃষ্ঠা;
_c২২ সে.মি.
600 1 0 _92101
_aচৌধুরী, কবীর
650 0 _abiographical dictionary - চরিতাভিধান
_94665
942 _2ddc
_cBK